Devinez le pays à partir de sa description - Version difficile - Statistiques

Statistiques générales
  • Ce quiz a été pris 58 fois
    13 depuis la dernière actualisation
  • Le résultat moyen est 9 sur 18
Statistiques - réponses
Hint Réponse % Correct
Ce royaume niché dans l’Himalaya voit la foi bouddhiste dialoguer avec une monarchie ancienne. Népal
90%
Ce pays a perdu une guerre en 1982 à propos d’îles contestées, et ses villes incluent Ushuaïa et Rosario. Argentine
80%
Ce pays est officiellement bilingue (français et arabe), possède un désert intérieur, et a une monarchie stable depuis des siècles. Maroc
80%
Ce pays a une monarchie constitutionnelle, une langue unique apparentée au hongrois, et partage une frontière avec la Russie. Estonie
70%
Ce pays méditerranéen possède deux capitales, une langue sémitique, et fut une colonie britannique jusqu’en 1964. Malte
60%
Il borde deux océans, et conserve les vestiges d’une civilisation dont l’écriture reste en partie déchiffrée. Mexique
60%
Ce pays d’Amérique du Sud a deux langues officielles, mais la seconde (indigène) est parlée par une majorité de la population. Paraguay
60%
Ce pays d’Asie centrale n’a pas de littoral, parle une langue turcique, et partage une histoire soviétique. Ouzbékistan
50%
Ce pays sud-américain est traversé par l’Amazone et abrite une civilisation précolombienne disparue. Pérou
50%
Son drapeau associe trois couleurs pacifiques, mais sa population a survécu à une tragédie de masse récente. Rwanda
50%
Ce pays enclavé, majoritairement montagneux, a deux langues officielles, une capitale peu peuplée, et une influence disproportionnée en diplomatie mondiale. Suisse
50%
Ce pays africain n’a pas accès à la mer, abrite un ancien royaume chrétien et possède un alphabet syllabique propre. Éthiopie
40%
Ce pays européen est l’un des plus boisés du continent, a une langue non indo-européenne, et est membre de l’Union européenne. Finlande
40%
Festival de couleurs et rites saisonniers rythment la vie de ce pays à la spiritualité profondément enracinée. Inde
40%
Ce pays est le plus grand producteur d’uranium, mais reste parmi les moins densément peuplés du monde. Niger
30%
Partageant une île avec un pays francophone, il cultive une identité musicale distinctive, entre mer et montagnes. République dominicaine
30%
Ce pays n’a jamais remporté la Coupe du monde de football, mais détient le record du nombre de buts encaissés en une seule édition. Corée du Nord
20%
Ce pays est très petit et possède une monarchie absolue reconnue par l’ONU. Eswatini
20%
Aucun quiz correspondant
Distribution des résultats
% des personnes avec chaque résultat
Percentile par nombre de réponses
Votre historique - résultats
Vous n’avez pas pris ce quiz depuis la dernière actualisation